书目信息 |
| 题名: |
量子复合场论的哲学思考
|
|
| 作者: | 何祚庥 著 | |
| 分册: | ||
| 出版信息: | 北京 北京师范大学出版社 1997.01 |
|
| 页数: | 421页 | |
| 开本: | 32开 | |
| 丛书名: | ||
| 单 册: | ||
| 中图分类: | O413.3-02 | |
| 科图分类: | ||
| 主题词: | 理论物理学 | |
| 电子资源: | ||
| ISBN: | 7-303-04179-6 | |
| 000 | 00571nam0 2200193 45 | |
| 001 | 0012130804 | |
| 005 | 20010321090159.9 | |
| 010 | @a7-303-04179-6@d16.20元 | |
| 100 | @a20001213d1997 km y0chiy0120 ea | |
| 101 | 0 | @achi |
| 105 | @a z 000yy | |
| 200 | 1 | @a量子复合场论的哲学思考@ALiang Zi Fu He Chang Lun De Zhe Xue Si Kao@f何祚庥著@FHe Zuo Xiu Zhu |
| 210 | @a北京@c北京师范大学出版社@d1997.01 | |
| 215 | @a421页@d32开 | |
| 606 | 0 | @a理论物理学 |
| 690 | @aO413.3-02@v3 | |
| 701 | 0 | @a何祚庥@4著 |
| 801 | @aCN@bPftUser@c20001213 | |
| 905 | @dO413.3-02@eH904@b331164@f1 | |
| 量子复合场论的哲学思考/何祚庥著.-北京:北京师范大学出版社,1997.01 |
| 421页;32开 |
| ISBN 7-303-04179-6:16.20元 |
| ● |
| 相关链接 |
|
|
|
正题名:量子复合场论的哲学思考
索取号:O413.3-02/H904
 
预约/预借
| 序号 | 登录号 | 条形码 | 馆藏地/架位号 | 状态 | 备注 |
| 1 | 331164 | 203311647 | 自科库401/401自科库 87排1列1层/ [索取号:O413.3-02/H904] | 在馆 |